| 000 | 00885naa a2200229 4500 | ||
|---|---|---|---|
| 005 | 20090827120456.0 | ||
| 008 | 090827t xxu||||| |||| 00| 0 eng d | ||
| 010 | _aENG-94924 | ||
| 020 |
_a9788120337794 _c695.00 |
||
| 035 | _aEN-78457 | ||
| 037 | _bDBAD / PUB | ||
| 040 |
_adpl _bEnglish |
||
| 082 | _a005.2768 | ||
| 245 |
_aMicrosoft office communications server 2007 resource kit/ _cby Rui Maximo...[et al] |
||
| 260 |
_aNew Delhi _bPrentice-Hall of India _c2009 |
||
| 270 |
_aM-97, Connaught Circus, _bNew Delhi _cDelhi _e110001 |
||
| 300 |
_axxxiii, 836p. _c24cm(pbk) _eCD-ROM |
||
| 500 | _aIncludes index | ||
| 700 | _aMaximo, Rui | ||
| 942 |
_adpl _cEN _2ddc _h005.2768 _mMAX |
||
| 999 |
_c29693 _d29693 |
||